000 004930000a22001810004500
003 MACL
005 20150716125202.0
008 150716b xxu||||| |||| 00| 0 eng d
040 _aMACL
_cMACL
041 _aEnglish
082 _a291.422/GUP
100 _aGupta, M G
_91656
245 _aModern Indian Mysticism
_bCommentary on Western Response to Radhasoami Faith
260 _bMG Publishers
_c1994
_aNew Delhi
350 _a500
650 _aReligion
_92281
942 _cBK
_k291.422/GUP
_2ddc
999 _c42910
_d42910